| 000 | 00000nam 2200000zi 4500 |
| 001 | 9.920779 |
| 003 | CaOODSP |
| 005 | 20240201142338 |
| 006 | m o d f |
| 007 | cr |n||||||||| |
| 008 | 230309t20232023onca o f000 0 fre d |
| 020 | |a9780660479606 |
| 040 | |aCaOODSP|bfre|erda|cCaOODSP |
| 043 | |an-cn--- |
| 086 | 1 |aM144-325/2023F-PDF |
| 245 | 00|aThermo pompe : |bprincipes de base : transition du chauffage au gaz naturel. |
| 264 | 1|a[Ottawa] : |bNatural Resources Canada = Ressources naturelles Canada, |c[2023] |
| 264 | 4|c©2023 |
| 300 | |a1 ressource en ligne (4 pages non numérotées) : |billustrations en couleur |
| 336 | |atexte|btxt|2rdacontent/fre |
| 337 | |ainformatique|bc|2rdamedia/fre |
| 338 | |aressource en ligne|bcr|2rdacarrier/fre |
| 500 | |aPublié aussi en anglais sous le titre : Heat pump basics : transitioning from gas heating. |
| 650 | 6|aPompes à chaleur|zCanada. |
| 650 | 6|aHabitations|xÉconomies d'énergie|zCanada. |
| 710 | 1 |aCanada. |bRessources naturelles Canada, |eorganisme de publication. |
| 775 | 08|tHeat pump basics : |w(CaOODSP)9.920778 |
| 776 | 0#|tPrincipes de base des thermopompes électriques et des systèmes hybrides au gaz.|w(CaOODSP)9.920782 |
| 856 | 40|qPDF|s1.34 Mo|uhttps://publications.gc.ca/collections/collection_2024/rncan-nrcan/M144-325-2023-fra.pdf |